000 01521nam a2200397Ia 4500
003 GCL
008 140319s9999 xx 000 0 ara d
020 _a3302317977
040 _aGCL /
_cGCL
082 0 4 _a303.483
_bر ن
100 1 _aرمزى احمد عبدالحى
245 1 0 _aنحو مجتمع الكترونى /
_cرمزى احمد عبدالحى
250 _aالاولى
260 _aالقاهرة :
_bزهراء الشرق ،
_c2006
300 _a296ص ؛
_c24سم
650 0 4 _aالتنمية الاجتماعية
650 0 4 _aالتغير الاجتماعى
650 0 4 _aالتقدم الاجتماعى
650 0 4 _aالتكنولوجيا والحضارة
650 0 4 _aالتكنولوجيا - خدمات المعلومات
650 0 4 _aالتقدم التكنولوجى
650 0 4 _aالإنترنت
650 0 4 _aالتقدم الحضارى
650 0 4 _aالبريد الالكترونى
650 0 4 _aالصحافة الالكترونية
650 0 4 _aالتكنولوجيا - برامج الحاسبات
650 0 4 _aالتجارة الالكترونية
650 0 4 _aالنشر الالكترونى
650 0 4 _aالمكتبات الالكترونية
650 0 4 _aالدوريات الالكترونية
650 0 4 _aالتكنولوجيا - الجوانب الاجتماعية
650 0 4 _aالتعليم الالكترونى
650 0 4 _aالثقافة الالكترونية
650 0 4 _aالكتاب الالكترونى
942 _2ddc
_cBK
999 _c9664
_d9664